Catalino Bocachica (Registro nro. 2770)

Detalles MARC
000 - LÍDER
campo de control de longitud fija 01152nam a2200325Ia 4500
005 - FECHA Y HORA DE LA ÚLTIMA TRANSACCIÓN
campo de control 20210727153125.0
008 - ELEMENTOS DE DATOS DE LONGITUD FIJA - INFORMACIÓN GENERAL
campo de control de longitud fija 141031s2012 ck a g 000 f spa
020 ## - INTERNATIONAL STANDARD BOOK NUMBER
International Standard Book Number 9789582400569
040 ## - FUENTE DE CATALOGACIÓN
Agencia de catalogación original CO-BoRNBP
Lenguaje de catalogación spa
Descripción convenciones rda
Agencia de transcripción CO-BoRNBP
084 ## - OTRO NÚMERO DE CLASIFICACIÓN
Número de clasificación N BER1
100 1# - ENTRADA PRINCIPAL - NOMBRE PERSONAL
Nombre de la persona Bernal Pinilla, Luis Darío
Fechas asociadas a un nombre 1950-
245 10 - TÍTULO DECLARACIÓN
Título Catalino Bocachica
Declaración de responsabilidad Luis Darío Bernal Pinilla ; ilustraciones de Nicolás Lozano
250 ## - DECLARACIÓN DE EDICIÓN
Sentencia de edición Primera edición
264 ## - AVISO DE PRODUCCIÓN, PUBLICACIÓN, DISTRIBUCIÓN, FABRICACIÓN Y DERECHOS DE AUTOR
Lugar de producción Bogotá
Nombre del productor Alfaguara
Fecha de producción 2012
300 ## - DESCRIPCIÓN FÍSICA
Alcance 95 páginas
Otros datos físicos ilustraciones en blanco y negro
Dimensiones 20 cm
336 ## - TIPO DE CONTENIDO
Tipo de contenido texto
Código de tipo de contenido txt
Fuente rdacontent
337 ## - TIPO DE MEDIO
Término del tipo de medio sin mediación
Código de tipo de medio n
Fuente rdamedia
338 ## - TIPO DE PORTADOR
Término del tipo de operador volumen
Código de tipo de operador nc
Fuente rdacarrier
490 ## - DECLARACIÓN EN SERIE
Estado de cuenta de la serie Alfaguara Infantil
500 ## - NOTA GENERAL
Nota general Incluye datos biográficos de los autores
521 ## - NOTA DE AUDIENCIA OBJETIVO
Nota para el público objetivo Recomendado para niños de 10 años en adelante
650 14 - ENTRADA DE SUJETO AÑADIDO - TÉRMINO TÓPICO
Fuente del título o término LEMB
Término tópico o elemento de entrada del nombre geográfico Novela juvenil colombiana
Subdivisión cronológica Siglo XX
650 14 - ENTRADA DE SUJETO AÑADIDO - TÉRMINO TÓPICO
Fuente del título o término LEMB
Término tópico o elemento de entrada del nombre geográfico Literatura juvenil colombiana
Subdivisión cronológica Siglo XX
650 14 - ENTRADA DE SUJETO AÑADIDO - TÉRMINO TÓPICO
Fuente del título o término LEMB
Término tópico o elemento de entrada del nombre geográfico Niños
Subdivisión de forma Novela
650 14 - ENTRADA DE SUJETO AÑADIDO - TÉRMINO TÓPICO
Fuente del título o término LEMB
Término tópico o elemento de entrada del nombre geográfico Boxeo
Subdivisión de forma Novela
650 14 - ENTRADA DE SUJETO AÑADIDO - TÉRMINO TÓPICO
Fuente del título o término LEMB
Término tópico o elemento de entrada del nombre geográfico Sueños
Subdivisión de forma Novela
650 14 - ENTRADA DE SUJETO AÑADIDO - TÉRMINO TÓPICO
Fuente del título o término LEMB
Término tópico o elemento de entrada del nombre geográfico Emociones
Subdivisión de forma Novela
700 1# - ENTRADA AGREGADA - NOMBRE PERSONAL
Nombre de la persona Lozano, Nicolás
Término del Relator ilustrador
942 ## - ELEMENTOS DE ENTRADA AGREGADOS (KOHA)
Fuente de clasificación o esquema de estanterías Local
Tipo de artículo Koha Literartura
Existencias
Estado de retirada Pérdida de estatus Fuente de clasificación o esquema de estanterías Estado dañado No para préstamo Código de recogida Ubicación permanente Ubicación actual Ubicación de las estanterías Fecha de adquisición Total de Cajas Número Topográfico Código de barras Precio efectivo desde Número de copia Fecha de la última salida Fecha de la última vez que se vio Tipo de artículo Koha Nota pública
    Dewey Decimal Classification     General Biblioteca Pública Departamental Comfamiliar Risaralda Biblioteca Pública Departamental Comfamiliar Risaralda Área General 10/05/2017 1 863.44 B517c 1001072 18/08/2021 Ej. 1 09/05/2018 22/05/2018 Libro Novela Infantil y Juvenil